| 000 | 004640000a22001810004500 | ||
|---|---|---|---|
| 003 | OSt | ||
| 005 | 20150910135823.0 | ||
| 008 | 150910b xxu||||| |||| 00| 0 eng d | ||
| 040 |
_aMACL _cMACL |
||
| 041 | _aEnglish | ||
| 082 | _a821/RAJ | ||
| 100 |
_aRajendran, C _99877 |
||
| 245 |
_aMelputtur Narayana Bhatta _bMakers of Indian Literature |
||
| 260 |
_bSahitya Akademi _c2008 _aDelhi |
||
| 350 | _a40 | ||
| 650 |
_aLiterature _99878 |
||
| 942 |
_cBK _k821/RAJ _2ddc |
||
| 999 |
_c42295 _d42295 |
||